[Event "ZN-2011-0-01487"]
[Site "LSS email"]
[Date "2011.05.09"]
[Round "?"]
[White "Tascier, Fadil"]
[Black "Hendershot, Paul"]
[Result "1-0"]
[WhiteElo "803"]
[BlackElo "548"]
[PlyCount "43"]
[EventDate "2011.05.07"]
[EventType "match (corr)"]
[EventRounds "2"]
[EventCountry "GER"]
[SourceTitle "Telechess CBM 145"]
[Source "Chessbase"]
[SourceDate "2011.11.11"]
[SourceVersion "1"]
[SourceVersionDate "2011.11.11"]
[SourceQuality "1"]

1. d4 d5 2. c4 c6 3. Nc3 e6 4. Nf3 dxc4 5. e4 f6 6. Bxc4 Bd6 7. Nh4 Qa5 8. 0-0 e5 9. Qh5+ Kd8 10. Ng6 Qc7 11. Nxh8 exd4 12. Qxh7 Bxh2+ 13. Qxh2 Qe7 14. Qh7 Nd7 15. Qxg8+ Nf8 16. Nf7+ Kc7 17. Bf4+ Kd7 18. e5 dxc3 19. Rfd1+ Kc7 20. exf6+ Kb6 21. fxe7 cxb2 22. exf8Q 1-0

[Event "RN-2011-0-00366"]
[Site "LSS email"]
[Date "2011.04.02"]
[Round "?"]
[White "Csoma, Balint"]
[Black "Tascier, Fadil"]
[Result "1-0"]
[WhiteElo "960"]
[BlackElo "818"]
[PlyCount "55"]
[EventDate "2011.03.22"]
[EventType "tourn (corr)"]
[EventRounds "6"]
[EventCountry "GER"]
[SourceTitle "Telechess CBM 147"]
[Source "ChessBase"]
[SourceDate "2012.03.16"]
[SourceVersion "1"]
[SourceVersionDate "2012.03.16"]
[SourceQuality "1"]

1. Nf3 d5 2. d4 Nf6 3. Bf4 e6 4. e3 Be7 5. Bd3 Nc6 6. Nbd2 Nh5 7. Bg3 Bd7 8. c3 Nxg3 9. hxg3 h6 10. Qc2 Bd6 11. 0-0-0 Qf6 12. e4 dxe4 13. Nxe4 Qe7 14. Rde1 0-0-0 15. Ned2 Rde8 16. d5 Nd8 17. dxe6 Bxe6 18. Nd4 Qf6 19. Re2 Bxa2 20. Rxe8 Rxe8 21. Qa4 Nc6 22. Nxc6 Ba3 23. Nxa7+ Kd8 24. Qxa3 Bd5 25. Nf3 Bxf3 26. gxf3 Qxf3 27. Rd1 Qxf2 28. Bb5+ 1-0

[Event "RN-2011-0-00366"]
[Site "LSS email"]
[Date "2011.04.02"]
[Round "?"]
[White "Hughes, Chris"]
[Black "Tascier, Fadil"]
[Result "1-0"]
[WhiteElo "686"]
[BlackElo "818"]
[PlyCount "81"]
[EventDate "2011.03.22"]
[EventType "tourn (corr)"]
[EventRounds "6"]
[EventCountry "GER"]
[SourceTitle "Telechess CBM 147"]
[Source "ChessBase"]
[SourceDate "2012.03.16"]
[SourceVersion "1"]
[SourceVersionDate "2012.03.16"]
[SourceQuality "1"]

1. d4 Nf6 2. c4 g6 3. Nc3 Bg7 4. e4 d6 5. Nf3 c6 6. Be2 0-0 7. 0-0 Bg4 8. Be3 Qb6 9. b3 Nbd7 10. Qc2 e5 11. d5 c5 12. h3 Bxf3 13. Bxf3 a6 14. a4 Qd8 15. Rfe1 Nh5 16. Ne2 Kh8 17. Bxh5 gxh5 18. Ng3 Nf6 19. Nf5 Rg8 20. Qd2 Nxe4 21. Qc2 Ng5 22. h4 Nf3+ 23. gxf3 e4 24. Rab1 Bc3+ 25. Bg5 Bxe1 26. Rxe1 f6 27. Qc3 Rg6 28. Kh1 Kg8 29. Bf4 Qd7 30. fxe4 Re8 31. Bxd6 Kf7 32. Bxc5 Reg8 33. Nd6+ Kg7 34. e5 Qg4 35. Qg3 Kh6 36. Be3+ Kg7 37. e6 f5 38. Bf4 Kf6 39. e7 Qxg3 40. fxg3 R6g7 41. e8Q 1-0

[Event "OP-2011-0-01420"]
[Site "LSS email"]
[Date "2011.02.25"]
[Round "?"]
[White "Tascier, Fadil"]
[Black "Wakeham, Marc R"]
[Result "0-1"]
[WhiteElo "818"]
[BlackElo "834"]
[PlyCount "122"]
[EventDate "2011.02.21"]
[EventType "tourn (corr)"]
[EventRounds "4"]
[EventCountry "GER"]
[SourceTitle "Telechess CBM 147"]
[Source "ChessBase"]
[SourceDate "2012.03.16"]
[SourceVersion "1"]
[SourceVersionDate "2012.03.16"]
[SourceQuality "1"]

1. d4 Nf6 2. c4 g6 3. Nc3 d5 4. Bg5 dxc4 5. e4 Bg7 6. Nf3 0-0 7. Bxc4 Bg4 8. 0-0 Nc6 9. d5 Bxf3 10. Qxf3 Ne5 11. Qe2 Nxc4 12. Qxc4 a6 13. f3 Qd7 14. Rad1 h6 15. Bh4 Rac8 16. a3 b5 17. Qc5 Qd6 18. Qc6 g5 19. Bf2 Qxc6 20. dxc6 Rfd8 21. Bd4 Ne8 22. Nd5 Bf8 23. Ne3 Ng7 24. Nd5 Ne6 25. Rd3 Nxd4 26. Rxd4 Kg7 27. g3 e6 28. Kg2 exd5 29. Rxd5 Rxd5 30. exd5 Rd8 31. Rd1 Bd6 32. Rd3 Re8 33. Kf2 f5 34. b4 Ra8 35. Rb3 Kf6 36. Re3 Be5 37. Re2 Rd8 38. Rd2 Re8 39. Rd3 Bd6 40. Rd2 Re5 41. Rd3 Re7 42. Rd2 h5 43. Rd3 f4 44. Rd4 Re3 45. gxf4 Bxf4 46. d6 cxd6 47. Rd5 Rc3 48. h4 Rxc6 49. hxg5+ Bxg5 50. Kg3 Kg6 51. f4 Bf6 52. Kf3 Kh6 53. Rd3 Rc3 54. Ke4 Rxd3 55. Kxd3 h4 56. Ke3 h3 57. Kf2 Kh5 58. Kg3 h2 59. Kxh2 Kg4 60. Kg2 Kxf4 61. Kf2 Bb2 0-1

[Event "ZN-2011-0-01350"]
[Site "LSS email"]
[Date "2011.02.22"]
[Round "?"]
[White "Tascier, Fadil"]
[Black "Newton, Daryl"]
[Result "1-0"]
[WhiteElo "800"]
[BlackElo "573"]
[PlyCount "53"]
[EventDate "2011.02.18"]
[EventType "match (corr)"]
[EventRounds "2"]
[EventCountry "GER"]
[SourceTitle "Telechess CBM 145"]
[Source "Chessbase"]
[SourceDate "2011.11.11"]
[SourceVersion "1"]
[SourceVersionDate "2011.11.11"]
[SourceQuality "1"]

1. d4 e6 2. c4 Ne7 3. Nc3 g6 4. e4 d6 5. Nf3 Bg7 6. Be3 Nd7 7. h4 b6 8. h5 gxh5 9. Rxh5 Nf6 10. Rh1 Bb7 11. e5 Ng4 12. Ng5 Qd7 13. Qxg4 0-0-0 14. Nxf7 Nf5 15. Nxd8 Qxd8 16. Qg5 Nxe3 17. Qxd8+ Kxd8 18. fxe3 dxe5 19. d5 Re8 20. Rxh7 Bf8 21. 0-0-0 Bc5 22. dxe6+ Kc8 23. Nd5 c6 24. Nf6 Bxe3+ 25. Kc2 Rxe6 26. Rh8+ Kc7 27. Rd7# 1-0